000
00236nmm a2200085Ia 4500
008
220120s9999||||xx |||||||||||||||||und||
100
_a
Wiley
_9
9351
245
0
_a
CCNA- CISCI certified network associate study guide - 6th ed
260
_c
2007
999
_c
139259
_d
139259